书目信息 |
| 题名: |
手风琴手指练习
|
|
| 作者: | 郝丕喜 编著 | |
| 分册: | ||
| 出版信息: | 北京 人民音乐出版社 2000 |
|
| 页数: | 103页 | |
| 开本: | 8开 | |
| 丛书名: | ||
| 单 册: | ||
| 中图分类: | J624.3 | |
| 科图分类: | ||
| 主题词: | 手风琴--指法 , 器乐--演奏 | |
| 电子资源: | ||
| ISBN: | 7-103-02294-1 | |
| 000 | 00749nam0 2200229 45 | |
| 001 | 0206110897 | |
| 005 | 20031219104056.4 | |
| 010 | @a7-103-02294-1@dCNY21.40 | |
| 100 | @a20020611d2000 km y0chiy0120 ea | |
| 101 | 0 | @achi |
| 105 | @ag z 000yy | |
| 200 | 1 | @a手风琴手指练习@AShou Feng Qin Shou Zhi Lian Xi@e根据《哈农钢琴练指法》@EGen Ju《Ha Nong Gang Qin Lian Zhi Fa》@f郝丕喜编著@FHao Pi Xi Bian Zhu |
| 205 | @a2版@b98修订本 | |
| 210 | @a北京@c人民音乐出版社@d2000 | |
| 215 | @a103页@d8开 | |
| 517 | @a根据《哈农钢琴练指法》@AGen Ju《Ha Nong Gang Qin Lian Zhi Fa》 | |
| 606 | 0 | @a手风琴@x指法 |
| 606 | 0 | @a器乐@x演奏 |
| 690 | @aJ624.3@v4 | |
| 701 | 0 | @a郝丕喜@4编著 |
| 801 | @aCN@bTSTC@c20020611 | |
| 905 | @b311706-712@dJ624.3@e33=2@f7 | |
| 手风琴手指练习:根据《哈农钢琴练指法》/郝丕喜编著.-2版,98修订本.-北京:人民音乐出版社,2000 |
| 103页;8开 |
| ISBN 7-103-02294-1:CNY21.40 |
| ● |
| 相关链接 |
|
|
|
|
正题名:手风琴手指练习
索取号:J624.3/33=2
 
预约/预借
| 序号 | 登录号 | 条形码 | 馆藏地/架位号 | 状态 | 备注 |
| 1 | 0311706 | 203117064 | 第一借阅区/ [索取号:J624.3/33=2] | 在馆 | |
| 2 | 0311707 | 203117073 | 第一借阅区/ [索取号:J624.3/33=2] | 在馆 | |
| 3 | 0311708 | 203117082 | 第一借阅区/ [索取号:J624.3/33=2] | 在馆 | |
| 4 | 0311709 | 203117091 | 第一借阅区/ [索取号:J624.3/33=2] | 在馆 | |
| 5 | 0311710 | 203117108 | 第一借阅区/ [索取号:J624.3/33=2] | 在馆 | |
| 6 | 0311711 | 203117117 | 第一借阅区/ [索取号:J624.3/33=2] | 在馆 | |
| 7 | 0311712 | 203117126 | 第一样本阅览室/ [索取号:J624.3/33=2] | 在馆 |